000 00458nam a2200145Ia 4500
008 230917s9999||||xx |||||||||||||| ||und||
040 _e52117
_aMAIN
041 _aEnglish
082 _a350.10954 I2P
100 _aIndian Institute of Public Administration
245 0 _aPersonnel administration : Implementing the reforms:Report of the conference
260 _aNew Delhi
_bIndian Institue of Public Administration
_c1970
300 _a75 p.
942 _cBK
999 _c188764
_d188764